[Event "FRM-chT 31st"]
[Site "Ohrid"]
[Date "2023.08.31"]
[Round "6.4"]
[White "Veljanoski, Andrej"]
[Black "Kiroski, Toni"]
[Result "1-0"]
[WhiteElo "2270"]
[BlackElo "2218"]
[PlyCount "61"]
[EventDate "2023.08.26"]
[EventType "team-tourn"]
[EventRounds "7"]
[EventCountry "MKD"]
[SourceTitle "EXT 2024"]
[Source "ChessBase"]
[SourceDate "2023.10.10"]
[SourceVersion "1"]
[SourceVersionDate "2023.10.10"]
[SourceQuality "1"]
[WhiteTeam "Skopje Gambit Asseko"]
[BlackTeam "Prilep"]
[WhiteTeamCountry "MKD"]
[BlackTeamCountry "MKD"]

1. e4 c5 2. Nf3 Nc6 3. d4 cxd4 4. Nxd4 Nf6 5. Nc3 e6 6. Ndb5 Bc5 7. Nd6+ Ke7 8. Bf4 e5 9. Nf5+ Kf8 10. Bg5 d6 11. Ne3 h6 12. Bxf6 Qxf6 13. Ncd5 Qd8 14. Bc4 a6 15. a4 g6 16. 0-0 Kg7 17. Kh1 Be6 18. b4 Nxb4 19. Nxb4 Bxc4 20. Nxc4 Bxb4 21. Rb1 b5 22. Rxb4 bxc4 23. Rxc4 Qb6 24. f4 Rhe8 25. f5 Rac8 26. Rxc8 Rxc8 27. fxg6 fxg6 28. Qf3 Qc7 29. Qf6+ Kg8 30. Qxg6+ Qg7 31. Qe6+ 1-0

[Event "FRM-chT 31st"]
[Site "Ohrid"]
[Date "2023.08.28"]
[Round "3.4"]
[White "Kiroski, Toni"]
[Black "Pancevski, Filip"]
[Result "0-1"]
[WhiteElo "2218"]
[BlackElo "2452"]
[PlyCount "132"]
[EventDate "2023.08.26"]
[EventType "team-tourn"]
[EventRounds "7"]
[EventCountry "MKD"]
[SourceTitle "EXT 2024"]
[Source "ChessBase"]
[SourceDate "2023.10.10"]
[SourceVersion "1"]
[SourceVersionDate "2023.10.10"]
[SourceQuality "1"]
[WhiteTeam "Prilep"]
[BlackTeam "Skopje Alkaloid"]
[WhiteTeamCountry "MKD"]
[BlackTeamCountry "MKD"]

1. e4 g6 2. d4 Bg7 3. Nc3 d6 4. Bc4 a6 5. a4 e6 6. Nf3 Ne7 7. 0-0 b6 8. Bf4 Bb7 9. Qd2 h6 10. h3 Nd7 11. Rfe1 g5 12. Bg3 Ng6 13. Nd1 0-0 14. d5 Nc5 15. Ra3 a5 16. Ba2 e5 17. c3 Bc8 18. Bb1 Bd7 19. Bc2 Ne7 20. Ne3 f5 21. Nxf5 Nxf5 22. exf5 Bxf5 23. b4 Nd7 24. Bxf5 Rxf5 25. Qd3 Rf7 26. Nd2 Nf6 27. Ne4 Nh5 28. Qd1 Nf4 29. b5 Qd7 30. c4 Qf5 31. Qg4 Qg6 32. Bxf4 exf4 33. Nd2 Qc2 34. Qe2 Bf6 35. Ne4 Qxe2 36. Nxf6+ Rxf6 37. Rxe2 Kf7 38. Kf1 Re8 39. Rxe8 Kxe8 40. Ke2 Kf7 41. g4 h5 42. Kf3 Rh6 43. gxh5 Rxh5 44. Kg2 Rh4 45. Ra2 f3+ 46. Kxf3 Rxc4 47. Re2 Rxa4 48. Rc2 Rb4 49. Rxc7+ Kf6 50. Rc6 Rxb5 51. Rxd6+ Kf5 52. Rd8 a4 53. d6 Ke6 54. d7 Ra5 55. Rb8 Kxd7 56. Rxb6 a3 57. Rb1 a2 58. Ra1 Ke6 59. Kg4 Kf6 60. f4 Ra4 61. h4 gxf4 62. h5 Kg7 63. Kh3 Kh7 64. Kg4 Kh6 65. Kh4 f3+ 66. Kg3 Ra3 0-1

[Event "FRM-chT 30th"]
[Site "Struga"]
[Date "2022.10.17"]
[Round "4.5"]
[White "Pancevski, Filip"]
[Black "Kiroski, Toni"]
[Result "1-0"]
[WhiteElo "2465"]
[BlackElo "2215"]
[PlyCount "59"]
[EventDate "2022.10.14"]
[EventType "team-tourn"]
[EventRounds "7"]
[EventCountry "MKD"]
[SourceTitle "CBM 210 Extra"]
[Source "ChessBase"]
[SourceDate "2022.11.30"]
[SourceVersion "1"]
[SourceVersionDate "2022.11.30"]
[SourceQuality "1"]
[WhiteTeam "Skopje Alkaloid"]
[BlackTeam "Prilep"]
[WhiteTeamCountry "MKD"]
[BlackTeamCountry "MKD"]

1. c4 e6 2. g3 d5 3. Bg2 Nf6 4. Nf3 Be7 5. 0-0 c5 6. b3 Nc6 7. e3 d4 8. exd4 cxd4 9. Re1 Nd7 10. d3 e5 11. Na3 0-0 12. Nc2 a5 13. Rb1 f6 14. a3 Nc5 15. b4 axb4 16. axb4 Na4 17. Bd2 Bf5 18. Rb3 Qd7 19. Qb1 Rad8 20. Nh4 Be6 21. Ra3 Nb6 22. b5 Nb8 23. Ra7 Nxc4 24. dxc4 Bxc4 25. Rxb7 Qe6 26. Nb4 Nd7 27. Nc6 Rde8 28. Nxd4 Qf7 29. Rxd7 exd4 30. Nf5 1-0

[Event "Belgrade Summer IM-B 2nd"]
[Site "Belgrade"]
[Date "2019.06.30"]
[Round "8"]
[White "Saksham, Rautela"]
[Black "Kiroski, Toni"]
[Result "1/2-1/2"]
[WhiteElo "2210"]
[BlackElo "2226"]
[PlyCount "159"]
[EventDate "2019.06.24"]
[EventType "tourn"]
[EventRounds "9"]
[EventCountry "SRB"]
[EventCategory "2"]
[SourceTitle "EXT 2020"]
[Source "ChessBase"]
[SourceDate "2019.10.17"]
[SourceVersion "1"]
[SourceVersionDate "2019.10.17"]
[SourceQuality "1"]

1. e4 c5 2. Nf3 g6 3. d4 cxd4 4. Qxd4 Nf6 5. Nc3 Nc6 6. Qa4 d6 7. e5 dxe5 8. Nxe5 Bd7 9. Nxd7 Qxd7 10. Be3 Bg7 11. Rd1 Qg4 12. Qb3 0-0 13. h3 Qb4 14. Be2 Qxb3 15. axb3 Nb4 16. Rd2 Rfd8 17. Bf3 Nc6 18. Ke2 Rxd2+ 19. Kxd2 Nd7 20. Kc1 e6 21. Rd1 Nde5 22. Be2 Ne7 23. f4 N5c6 24. g4 Nd5 25. Nxd5 exd5 26. Bf3 d4 27. Bf2 Rd8 28. Kd2 Bf8 29. Be4 Bd6 30. f5 Bc5 31. fxg6 hxg6 32. h4 Kg7 33. h5 Ne5 34. Bh4 Rd7 35. h6+ Kh7 36. g5 Be7 37. Rf1 Bd8 38. Kd1 Ng4 39. Rg1 Nxh6 40. Rh1 Ng4 41. Bf3 Ne3+ 42. Kd2 Kg8 43. Kd3 Nf5 44. Bg4 Rd5 45. Bf3 Rb5 46. Bf2 Bxg5 47. Be4 Be3 48. Be1 Nd6 49. Bf3 a5 50. Bg3 Nf5 51. Bc7 Kg7 52. Ra1 b6 53. Bb7 Rc5 54. Bd8 Bf4 55. c3 dxc3 56. bxc3 Bc7 57. b4 axb4 58. cxb4 Bxd8 59. bxc5 bxc5 60. Bc8 Nd6 61. Ba6 c4+ 62. Bxc4 Nxc4 63. Kxc4 f5 64. Kd3 Kf6 65. Ke3 Be7 66. Kf3 Bd6 67. Ra6 Ke6 68. Ra1 g5 69. Ra4 Be5 70. Ra6+ Kf7 71. Ra5 g4+ 72. Kg2 Kf6 73. Ra8 f4 74. Rf8+ Kg6 75. Kf2 Bf6 76. Kg2 Bg5 77. Ra8 Bh4 78. Rg8+ Kf5 79. Rf8+ Bf6 80. Kf2 1/2-1/2

[Event "FRM-chT"]
[Site "Struga"]
[Date "2018.08.15"]
[Round "5.3"]
[White "Jovchev, Riste"]
[Black "Kiroski, Toni"]
[Result "1/2-1/2"]
[WhiteElo "1711"]
[BlackElo "2252"]
[PlyCount "65"]
[EventDate "2018.08.11"]
[EventType "team-tourn"]
[EventRounds "7"]
[EventCountry "MKD"]
[SourceTitle "CBM 186 Extra"]
[Source "ChessBase"]
[SourceDate "2018.08.24"]
[SourceVersion "1"]
[SourceVersionDate "2018.08.24"]
[SourceQuality "1"]
[WhiteTeam "Skopje MSK Centar"]
[BlackTeam "Prilep"]
[WhiteTeamCountry "MKD"]
[BlackTeamCountry "MKD"]

1. e4 c5 2. Nf3 Nc6 3. d4 cxd4 4. Nxd4 Nf6 5. Nc3 d6 6. Nb3 g6 7. f3 Bg7 8. Be3 0-0 9. Qd2 a6 10. 0-0-0 b5 11. h4 Ne5 12. Qf2 Rb8 13. Bd4 Qc7 14. Kb1 Nc4 15. Nd5 Nxd5 16. exd5 e5 17. dxe6 fxe6 18. Bxg7 Qxg7 19. Qd4 Qxd4 20. Rxd4 d5 21. h5 Ne5 22. hxg6 Nxg6 23. Bd3 Rb7 24. Bxg6 hxg6 25. Rdh4 Rg7 26. Rh8+ Kf7 27. Rxf8+ Kxf8 28. Rh8+ Rg8 29. Rxg8+ Kxg8 30. c3 e5 31. Kc2 g5 32. Kd3 Kf7 33. Nc5 1/2-1/2

[Event "Djenovici TS10"]
[Site "Djenovici"]
[Date "2017.10.27"]
[Round "7"]
[White "Sredojevic, Ivan"]
[Black "Kiroski, Toni"]
[Result "1/2-1/2"]
[WhiteElo "2368"]
[BlackElo "2239"]
[PlyCount "20"]
[EventDate "2017.10.21"]
[EventType "tourn"]
[EventRounds "9"]
[EventCountry "MNE"]
[EventCategory "1"]
[SourceTitle "CBM 181 Extra"]
[Source "ChessBase"]
[SourceDate "2017.12.12"]
[SourceVersion "1"]
[SourceVersionDate "2017.12.12"]
[SourceQuality "1"]

1. c4 e6 2. d4 Nf6 3. Nf3 b6 4. g3 Bb7 5. Bg2 Be7 6. 0-0 0-0 7. Nc3 Ne4 8. Qc2 f5 9. Nxe4 Bxe4 10. Qa4 d6 1/2-1/2

[Event "Djenovici TS10"]
[Site "Djenovici"]
[Date "2017.10.25"]
[Round "5"]
[White "Kisic, Bozidar"]
[Black "Kiroski, Toni"]
[Result "0-1"]
[WhiteElo "2188"]
[BlackElo "2239"]
[PlyCount "66"]
[EventDate "2017.10.21"]
[EventType "tourn"]
[EventRounds "9"]
[EventCountry "MNE"]
[EventCategory "1"]
[SourceTitle "CBM 181 Extra"]
[Source "ChessBase"]
[SourceDate "2017.12.12"]
[SourceVersion "1"]
[SourceVersionDate "2017.12.12"]
[SourceQuality "1"]

1. d4 Nf6 2. Bg5 d5 3. Bxf6 exf6 4. e3 c5 5. Nc3 Nc6 6. Qd2 Be6 7. Nge2 c4 8. g3 Bb4 9. Bg2 0-0 10. 0-0 f5 11. a3 Ba5 12. Rfb1 Rc8 13. h4 h6 14. h5 g5 15. hxg6 fxg6 16. Nf4 Bf7 17. Qd1 Bxc3 18. bxc3 g5 19. Nh5 b6 20. a4 Qd6 21. Rb5 Rcd8 22. g4 Qg6 23. gxf5 Qxh5 24. Qxh5 Bxh5 25. Bxd5+ Rxd5 26. Rxd5 Bf3 27. Rd6 Rxf5 28. Rxh6 Kg7 29. Rd6 g4 30. Kh2 Ne7 31. Rd7 Rh5+ 32. Kg3 Kf6 33. e4 Kg5 0-1

[Event "Djenovici TS10"]
[Site "Djenovici"]
[Date "2017.10.22"]
[Round "2"]
[White "Kiroski, Toni"]
[Black "Radlovacki, Jovan"]
[Result "1/2-1/2"]
[WhiteElo "2239"]
[BlackElo "2326"]
[PlyCount "24"]
[EventDate "2017.10.21"]
[EventType "tourn"]
[EventRounds "9"]
[EventCountry "MNE"]
[EventCategory "1"]
[SourceTitle "CBM 181 Extra"]
[Source "ChessBase"]
[SourceDate "2017.12.12"]
[SourceVersion "1"]
[SourceVersionDate "2017.12.12"]
[SourceQuality "1"]

1. e4 c6 2. d4 d5 3. Nc3 dxe4 4. Nxe4 Nf6 5. Nxf6+ exf6 6. Nf3 Bd6 7. Be3 0-0 8. h3 Bf5 9. Bd3 Bxd3 10. Qxd3 Re8 11. 0-0 Nd7 12. c4 Qc7 1/2-1/2

[Event "Thessaloniki Triandria op 10th"]
[Site "Thessaloniki"]
[Date "2017.04.22"]
[Round "7"]
[White "Giannoulakis, Labros"]
[Black "Kiroski, Toni"]
[Result "0-1"]
[WhiteElo "2335"]
[BlackElo "2235"]
[PlyCount "150"]
[EventDate "2017.04.17"]
[EventType "swiss"]
[EventRounds "9"]
[EventCountry "GRE"]
[SourceTitle "CBM 178 Extra"]
[Source "ChessBase"]
[SourceDate "2017.06.22"]
[SourceVersion "1"]
[SourceVersionDate "2017.06.22"]
[SourceQuality "1"]

1. d4 d5 2. c4 e6 3. Nf3 c6 4. e3 f5 5. Bd3 Nf6 6. 0-0 Bd6 7. b3 Qe7 8. Bb2 0-0 9. Qc1 Bd7 10. Ba3 Be8 11. Bxd6 Qxd6 12. Qa3 Qxa3 13. Nxa3 Ne4 14. Rac1 Nd7 15. Nb1 Bh5 16. Nfd2 g5 17. f3 Nd6 18. Nc3 Bg6 19. Rfe1 Nf6 20. b4 g4 21. c5 Nf7 22. f4 Ne4 23. Nb3 Nxc3 24. Rxc3 a6 25. Rb1 Nh6 26. a4 Be8 27. Nc1 Bd7 28. Rcb3 Kf7 29. Bf1 Ke7 30. b5 axb5 31. axb5 Ra7 32. Nd3 Nf7 33. bxc6 bxc6 34. Rb6 Ra3 35. Kf2 Ra2+ 36. Be2 Rc8 37. Nb4 Ra3 38. Ba6 Rc7 39. Be2 Nd8 40. Nd3 Nf7 41. h3 h5 42. Rb8 Bc8 43. hxg4 hxg4 44. Nb4 g3+ 45. Kf3 Nh6 46. Nd3 Ng4 47. Rh1 Kf6 48. Kxg3 Nxe3 49. Rh3 Rg7+ 50. Kf3 Nxg2 51. Rxc8 Rg4 52. Rxc6 Nxf4 53. Rh6+ Kg7 54. Rhxe6 Nxe6 55. Rxe6 Rxd4 56. Re3 Re4 57. Kf2 Kf6 58. Bf3 Rd4 59. Be2 Re4 60. Bf3 Rd4 61. Be2 Rc3 62. Rh3 Re4 63. Re3 d4 64. Rf3 Rc2 65. Nf4 d3 66. Nxd3 Rcxe2+ 67. Kf1 Rc2 68. Rh3 Ra4 69. Rh6+ Kg5 70. Re6 Ra3 71. Re3 Rd2 72. c6 Raxd3 73. c7 Rd1+ 74. Kf2 R3d2+ 75. Kf3 Rf1+ 0-1

[Event "Veliko Gradiste Silver Lake op"]
[Site "Veliko Gradiste"]
[Date "2016.06.26"]
[Round "9"]
[White "Kiroski, Toni"]
[Black "Parkhov, Yair"]
[Result "1/2-1/2"]
[WhiteElo "2261"]
[BlackElo "2136"]
[PlyCount "32"]
[EventDate "2016.06.19"]
[EventType "swiss"]
[EventRounds "9"]
[EventCountry "SRB"]
[SourceTitle "EXT 2017"]
[Source "ChessBase"]
[SourceDate "2016.10.25"]
[SourceVersion "1"]
[SourceVersionDate "2016.10.25"]
[SourceQuality "1"]

1. e4 e6 2. d4 d5 3. Nd2 c5 4. exd5 Qxd5 5. Ngf3 cxd4 6. Bc4 Qd6 7. 0-0 Nf6 8. Nb3 Nc6 9. Nbxd4 Nxd4 10. Qxd4 Qxd4 11. Nxd4 Bd7 12. c3 Rc8 13. Be2 Bc5 14. Nc2 Ke7 15. Be3 Rhd8 16. Rfd1 Bxe3 1/2-1/2

[Event "Novi Sad Super Master1 op"]
[Site "Novi Sad"]
[Date "2016.06.09"]
[Round "5"]
[White "Kiroski, Toni"]
[Black "Sredojevic, Ivan"]
[Result "0-1"]
[WhiteElo "2261"]
[BlackElo "2361"]
[PlyCount "60"]
[EventDate "2016.06.06"]
[EventType "swiss"]
[EventRounds "9"]
[EventCountry "SRB"]
[SourceTitle "EXT 2017"]
[Source "ChessBase"]
[SourceDate "2016.10.25"]
[SourceVersion "1"]
[SourceVersionDate "2016.10.25"]
[SourceQuality "1"]

1. e4 c5 2. Nf3 e6 3. d4 cxd4 4. Nxd4 Nf6 5. Nc3 d6 6. Be2 Be7 7. 0-0 0-0 8. Be3 Nc6 9. f4 a6 10. Qe1 Nxd4 11. Bxd4 b5 12. Bf3 b4 13. Nd1 Rb8 14. Qg3 Rb5 15. Nf2 h5 16. Be2 Ra5 17. c3 bxc3 18. Qxc3 e5 19. fxe5 dxe5 20. Bxe5 Rc5 21. Qd4 Qb6 22. b4 Rc6 23. Qxb6 Rxb6 24. a3 Bb7 25. Bf3 Re6 26. Bxf6 Bxf6 27. e5 Bxf3 28. exf6 Bc6 29. Nd3 Rd8 30. Rad1 Ba4 0-1

[Event "Novi Sad Super Master1 op"]
[Site "Novi Sad"]
[Date "2016.06.07"]
[Round "3"]
[White "Derakhshani, Dorsa"]
[Black "Kiroski, Toni"]
[Result "1-0"]
[WhiteElo "2386"]
[BlackElo "2261"]
[PlyCount "77"]
[EventDate "2016.06.06"]
[EventType "swiss"]
[EventRounds "9"]
[EventCountry "SRB"]
[SourceTitle "EXT 2017"]
[Source "ChessBase"]
[SourceDate "2016.10.25"]
[SourceVersion "1"]
[SourceVersionDate "2016.10.25"]
[SourceQuality "1"]

1. e4 c5 2. Nf3 Nc6 3. d4 cxd4 4. Nxd4 Nf6 5. Nc3 g6 6. Nxc6 dxc6 7. Qxd8+ Kxd8 8. Bc4 Ke8 9. e5 Ng4 10. f4 h5 11. Ne4 Bf5 12. Ng5 e6 13. h3 Nh6 14. Bb3 Bc5 15. Bd2 Kf8 16. 0-0-0 Kg7 17. Rhe1 Rhd8 18. Nf3 b6 19. Ba4 Rac8 20. Bc3 Rxd1+ 21. Rxd1 Rc7 22. Be1 Be4 23. Bh4 Ng8 24. Bd8 Rc8 25. Bg5 Bxf3 26. gxf3 Rc7 27. Bd8 Rc8 28. Kb1 Be7 29. Bxe7 Nxe7 30. c4 Rc7 31. Rd6 c5 32. Bc2 Nc6 33. Kc1 h4 34. Be4 Nd4 35. Kd2 Nf5 36. Bxf5 gxf5 37. Kc3 Kf8 38. Rd8+ Ke7 39. Rh8 1-0

[Event "Skopje-ch op"]
[Site "Skopje"]
[Date "2015.12.13"]
[Round "4"]
[White "Fazlija, Seljajdin"]
[Black "Kiroski, Toni"]
[Result "0-1"]
[WhiteElo "2030"]
[BlackElo "2285"]
[PlyCount "73"]
[EventDate "2015.12.13"]
[EventType "swiss"]
[EventRounds "9"]
[EventCountry "MKD"]
[SourceTitle "EXT 2018"]
[Source "ChessBase"]
[SourceDate "2017.10.13"]
[SourceVersion "1"]
[SourceVersionDate "2017.10.13"]
[SourceQuality "1"]

1. e4 c5 2. Nf3 Nc6 3. d4 cxd4 4. Nxd4 Nf6 5. f3 g6 6. Be3 Bg7 7. c4 Qb6 8. Nc3 Ng4 9. fxg4 Bxd4 10. Nd5 Qxb2 11. Bxd4 Qxd4 12. Qxd4 Nxd4 13. Nc7+ Kd8 14. Nxa8 Nc2+ 15. Kd2 Nxa1 16. Bd3 b6 17. Rxa1 Bb7 18. Nxb6 axb6 19. Rb1 Kc7 20. g3 Ra8 21. Rb2 Ra3 22. h4 d6 23. h5 g5 24. Ke3 h6 25. Rf2 f6 26. Rc2 Bc8 27. Rb2 Bxg4 28. Rh2 Be6 29. Rc2 Bf7 30. g4 Be6 31. Kd4 Bxg4 32. Rd2 Bxh5 33. Rh2 Bf7 34. Rxh6 e5+ 35. Ke3 Bxc4 36. Rxf6 Rxd3+ 37. Kf2 0-1

[Event "Skopje-ch op"]
[Site "Skopje"]
[Date "2015.12.13"]
[Round "7"]
[White "Kiroski, Toni"]
[Black "Kralevski, Aleksander"]
[Result "0-1"]
[WhiteElo "2285"]
[BlackElo "2209"]
[PlyCount "80"]
[EventDate "2015.12.13"]
[EventType "swiss"]
[EventRounds "9"]
[EventCountry "MKD"]
[SourceTitle "EXT 2018"]
[Source "ChessBase"]
[SourceDate "2017.10.13"]
[SourceVersion "1"]
[SourceVersionDate "2017.10.13"]
[SourceQuality "1"]

1. e4 e5 2. Bc4 Nf6 3. d3 c6 4. Bb3 d5 5. Nd2 dxe4 6. dxe4 Bc5 7. Ngf3 Qe7 8. 0-0 0-0 9. h3 Be6 10. Qe2 Bxb3 11. axb3 Nbd7 12. Nc4 Rfe8 13. Bg5 h6 14. Bh4 b5 15. Ne3 Bxe3 16. Qxe3 a5 17. Rfd1 Qb4 18. Nd2 Qe7 19. Nf1 Qb4 20. Ng3 Re6 21. Nf5 Qf8 22. f3 Kh7 23. Be1 a4 24. bxa4 bxa4 25. Ra3 c5 26. Qd3 Nb6 27. Qb5 Nfd7 28. Rad3 Rg6 29. Bf2 c4 30. Rd6 c3 31. Bxb6 Nxb6 32. Rxb6 Rxb6 33. Qxb6 Rb8 34. Qa5 cxb2 35. Rb1 a3 36. Ne3 Ra8 37. Qxe5 Qb4 38. Nf5 Qb6+ 39. Kh1 Qf6 40. Qd5 a2 0-1

[Event "Skopje-ch op"]
[Site "Skopje"]
[Date "2015.12.13"]
[Round "1"]
[White "Kiroski, Toni"]
[Black "Petrov, Vancho"]
[Result "1-0"]
[WhiteElo "2285"]
[BlackElo "1722"]
[PlyCount "57"]
[EventDate "2015.12.13"]
[EventType "swiss"]
[EventRounds "9"]
[EventCountry "MKD"]
[SourceTitle "EXT 2018"]
[Source "ChessBase"]
[SourceDate "2017.10.13"]
[SourceVersion "1"]
[SourceVersionDate "2017.10.13"]
[SourceQuality "1"]

1. e4 c5 2. Nf3 Nc6 3. d4 cxd4 4. Nxd4 a6 5. c4 e6 6. Be2 Nf6 7. Nxc6 bxc6 8. Nc3 h6 9. e5 Nh7 10. 0-0 Bc5 11. Ne4 Be7 12. Nd6+ Bxd6 13. Qxd6 Qe7 14. Qd4 0-0 15. Bd3 f5 16. f4 Bb7 17. Be3 Rfc8 18. Qc5 Qxc5 19. Bxc5 g5 20. g3 g4 21. Kf2 Kf7 22. h3 h5 23. Rh1 Rh8 24. hxg4 hxg4 25. Rh5 Kg7 26. Rah1 Rae8 27. Ke3 Reg8 28. Kd4 Nf8 29. Rxh8 1-0

[Event "Veliko Gradiste Silver Lake op-A"]
[Site "Veliko Gradiste"]
[Date "2015.06.26"]
[Round "7"]
[White "Radovanovic, Mihajlo"]
[Black "Kiroski, Toni"]
[Result "1-0"]
[WhiteElo "2166"]
[BlackElo "2293"]
[PlyCount "101"]
[EventDate "2015.06.20"]
[EventType "swiss"]
[EventRounds "9"]
[EventCountry "SRB"]
[SourceTitle "CBM 167 Extra"]
[Source "ChessBase"]
[SourceDate "2015.09.14"]
[SourceVersion "1"]
[SourceVersionDate "2015.09.14"]
[SourceQuality "1"]

1. Nf3 d6 2. d4 f5 3. g3 g6 4. Bg2 Bg7 5. 0-0 Nf6 6. c4 0-0 7. Nc3 Qe8 8. Re1 c6 9. e4 fxe4 10. Nxe4 Nxe4 11. Rxe4 Bf5 12. Re1 Bg4 13. Bg5 Bxf3 14. Bxf3 Qf7 15. Kg2 e5 16. c5 h6 17. dxe5 dxe5 18. Be3 Nd7 19. Qb3 Nf6 20. Red1 Rad8 21. Qxf7+ Kxf7 22. Kf1 Ke7 23. Ke2 g5 24. Bg2 Ng4 25. h3 Nxe3 26. fxe3 Rxd1 27. Rxd1 Rd8 28. Rc1 Kd7 29. Be4 Kc7 30. b4 Rf8 31. a4 Bf6 32. Bg6 Be7 33. Kd3 Rf2 34. Ke4 Bf6 35. Rd1 b6 36. Bf5 bxc5 37. bxc5 Ra2 38. Rd7+ Kb8 39. Be6 Rxa4+ 40. Kf5 g4 41. Kxf6 gxh3 42. Bxh3 Ra3 43. Kxe5 Rxe3+ 44. Kd6 a5 45. Kxc6 Rxg3 46. Bf1 a4 47. Kb6 Kc8 48. Rd4 Rb3+ 49. Bb5 a3 50. c6 a2 51. Ra4 1-0